000 00603nam a2200181 i 4500
001 184626
003 ES-MaACL
005 20230906222236.0
008 151027s1942 sp |||| | spa d
100 0 _aPérez de Urbel, Justo.
_990812
245 1 3 _aEl monasterio en la vida española de la Edad Media /
_cpor Fray Justo Pérez de Urbel.
260 _aBarcelona :
_bLabor,
_c1942.
300 _a234 p. :
_b7 lám. ;
_c19 cm.
490 1 _aColección Pro Ecclesia et Patria ;
_v21
830 0 _aColección Pro Ecclesia et Patria ;
_v21
_9192193
852 _aES-MaACL
_jC-29154
999 _c184626
_d184626